Andrés Bello a los cien anos de su muerte / (Record no. 18735)
[ view plain ]
| 000 -CABECERA | |
|---|---|
| campo de control de longitud fija | 00983cam a2200217 a 4500 |
| 001 - NÚMERO DE CONTROL | |
| campo de control | 000019217 |
| 005 - FECHA Y HORA DE LA ÚLTIMA TRANSACCIÓN | |
| campo de control | 20200929165943.0 |
| 008 - DATOS DE LONGITUD FIJA--INFORMACIÓN GENERAL | |
| campo de control de longitud fija | 751103s1966 ve 010 0bspa d |
| 040 ## - FUENTE DE LA CATALOGACIÓN | |
| Centro catalogador/agencia de origen | DO-SdBNP |
| Centro/agencia transcriptor | FU |
| Centro/agencia modificador | DLC |
| -- | BNPHU |
| 082 ## - NÚMERO DE LA CLASIFICACIÓN DECIMAL DEWEY | |
| Número de clasificación | nnnn |
| Número de documento/Ítem | B446R |
| 049 ## - FONDOS LOCALES (OCLC) | |
| Fondos de biblioteca | BNGR |
| 100 1# - ENTRADA PRINCIPAL--NOMBRE DE PERSONA | |
| Nombre de persona | Rosenblat, Ángel, |
| 9 (RLIN) | 28168 |
| 245 10 - MENCIÓN DE TÍTULO | |
| Título | Andrés Bello a los cien anos de su muerte / |
| Mención de responsabilidad, etc. | Ángel Rosenblat. |
| 260 ## - PUBLICACIÓN, DISTRIBUCIÓN, ETC. | |
| Lugar de publicación, distribución, etc. | Caracas, : |
| Nombre del editor, distribuidor, etc. | Universidad Central de Venezuela, Facultad de Humanidades y Educación, |
| Fecha de publicación, distribución, etc. | 1966. |
| 300 ## - DESCRIPCIÓN FÍSICA | |
| Extensión | 46, [47-49] p. ; |
| Dimensiones | 19cm. |
| 490 1# - MENCIÓN DE SERIE | |
| Mención de serie | Cuadernos del Instituto de Filologia "Andres Bello" |
| 500 ## - NOTA GENERAL | |
| Nota general | "Discurso pronunciado en la sesión inaugural del Congreso Inter-Americano de Linguística, Filologia y Enseñanza de Idiomas, celebrado en Montevideo en homenaje a Andrés Bello, del 4 al 12 de enero de 1966." |
| 600 10 - PUNTO DE ACCESO ADICIONAL DE MATERIA--NOMBRE DE PERSONA | |
| Nombre de persona | Bello, Andrés, |
| Fechas asociadas al nombre | 1781-1865. |
| 9 (RLIN) | 22352 |
| 830 #0 - PUNTO DE ACCESO ADICIONAL DE SERIE-TÍTULO UNIFORME | |
| Título uniforme | Cuadernos del Instituto de Filologia "Andres Bello" |
| 9 (RLIN) | 41347 |
| 910 ## - DATOS DE OPCIÓN DEL USUARIO (OCLC) | |
| Datos de opción del usuario | Catalogación derivada / LC |
| Estado de retiro | Estado de pérdida | Restricciones de uso | No para préstamo | Código de colección | Localización permanente | Ubicación/localización actual | Ubicación en estantería | Fecha de adquisición | Número de inventario | Total de préstamos | Signatura topográfica completa | Código de barras | Fecha visto por última vez | Precio válido a partir de | Tipo de ítem Koha |
|---|---|---|---|---|---|---|---|---|---|---|---|---|---|---|---|
| Monografías: Libros y Folletos | General | General | En catalogación | 28.05.2010 | LF1 | nnnn B446R | 19217-10 | 25.06.2020 | 25.06.2020 | Préstamo en sala |
